| 000 | 00434nam a2200181Ia 4500 | ||
|---|---|---|---|
| 005 | 20250603150014.0 | ||
| 008 | 250603s9999 xx 000 0 und d | ||
| 020 | _a9781032306001 | ||
| 050 | _aRA 638 .V33/ | ||
| 100 | _aEdited by Lars Borin et.al. | ||
| 245 | 0 | _aVaccine Hesitancy in the Nordic Countries | |
| 260 | _aLondon | ||
| 260 | _bRoutledge | ||
| 260 | _c2024 | ||
| 300 | _a248 p | ||
| 650 | _aLondon | ||
| 942 | _cBK | ||
| 999 |
_c43487 _d43487 |
||